000 00728nam a22001817a 4500
999 _c371639
_d371639
008 201127b ||||| |||| 00| 0 eng d
040 _aDE-2950
_bger
_cDE-2950
_erda
041 _ager
245 _aStadt hält Impfzentrum offen
_bCorona: Im Oderturm wird weiter täglich gegen Covid-19 geimpft. Doch wie lange noch? Das Gesundheitsamt gibt Auskunft - auch zu den Affenpocken/
_cJacqueline Westermann
264 _c2022
653 _aFrankfurt (Oder)
653 _aImpfzentrum
773 _dFrankfurt (Oder) Märkisches Verlags- und Druckhaus GmbH & Co KG
_tMärkische Oderzeitung
_g33. Jahrgang (2022) Nr. 121 vom 25.05.2022, S. 13
942 _cA